|
|
|
|
| LEADER |
01913nam a22004817a 4500 |
| 001 |
35572 |
| 003 |
BD-DhAAL |
| 005 |
20211130122010.0 |
| 008 |
190929t1985 wau||||| b||| 001 0 eng d |
| 999 |
|
|
|c 41443
|d 41443
|
| 020 |
|
|
|a 0935302050
|
| 040 |
|
|
|a BD-DhAAL
|
| 082 |
|
|
|a 370.78073
|
| 245 |
|
|
|a Review of research in education /
|n volume 12, 1985
|c edited by Edmund W Gordon; contributors,Jomills Henry Braddock...[et..al]
|
| 246 |
|
|
|a Review of research in education
|
| 260 |
|
|
|a Washington, D.C. :
|b American Educational Research Association,
|c 1985
|
| 300 |
|
|
|a vii, 426 pages ;
|c 24 cm.
|
| 362 |
|
|
|a volumes 12, 1985
|
| 504 |
|
|
|a Includes bibliographical references and indexes.
|
| 526 |
|
|
|a BIED
|
| 541 |
|
|
|a Complimentary copy from BIED
|e 35572
|
| 650 |
|
|
|a Education
|x Research
|z United States
|v Periodicals.
|9 35427
|
| 650 |
|
|
|a Education
|x Research.
|9 35428
|
| 650 |
|
|
|a Social science
|9 35556
|
| 700 |
|
|
|a Gordon, Edmund W.
|9 35429
|
| 700 |
|
|
|a Braddock, Jomills Henry
|9 35430
|
| 700 |
|
|
|a Brainin, Sema Sharon
|9 35431
|
| 700 |
|
|
|a Gardner, Michael K.
|9 35432
|
| 700 |
|
|
|a Henderson, Ronald D.
|9 35433
|
| 700 |
|
|
|a Kaestle, Carl F.
|9 35434
|
| 700 |
|
|
|a Lochhead, Jack
|9 35435
|
| 700 |
|
|
|a Love, John M.
|9 35436
|
| 700 |
|
|
|a Nelson-legall, Sharon
|9 35466
|
| 700 |
|
|
|a Shipman, Stephanie
|9 35467
|
| 700 |
|
|
|a Shipman, Viedinia C.
|9 35468
|
| 700 |
|
|
|a Stanfiels. John H.
|9 35469
|
| 700 |
|
|
|a Thies, Armin Paul
|9 35470
|
| 700 |
|
|
|a Thomas, Alexander
|9 35471
|
| 700 |
|
|
|a Trent, William T.
|9 35472
|
| 710 |
|
|
|a American Educational Research Association,
|e issuing body.
|9 35441
|
| 852 |
|
|
|a Ayesha Abed Library
|c BIED Collection
|
| 942 |
|
|
|2 ddc
|c BK
|
| 952 |
|
|
|0 0
|1 0
|2 ddc
|4 0
|6 370_780730000000000_REV
|7 0
|9 66546
|a BRACUL
|b BRACUL
|c GEN
|d 2019-09-29
|e Complimentary copy from BIED
|l 0
|o 370.78073 REV
|p 3010035572
|r 2019-09-29
|t 1
|w 2019-09-29
|y BK
|x Transferred from BIED to General Stacks
|